| 000 | 00682nam a2200193Ii 4500 | ||
|---|---|---|---|
| 003 | JO-AjNU | ||
| 008 | 230606s9999||||xx |||||||||||||| ||und|| | ||
| 040 |
_aJO-AjNU _beng _erda _cJO-AjNU |
||
| 041 | _aeng | ||
| 050 | 1 | 4 | _aHG8745.M87.2014 |
| 100 | 3 |
_aDeposit Insurance Corporation, _eauthor _94261 |
|
| 245 | 0 | 0 | _aAnnual Report 2014, Insuring Deposits, Protects Your Future Savings |
| 264 | 3 | 1 | _aAmman- Jordan: Deposit Insurance Corporation,2014 |
| 300 | _a142p | ||
| 336 |
_atext _btxt _2rdacontent |
||
| 337 |
_aunmediated _bn _2rdamedia |
||
| 338 |
_avolume _bnc _2rdacarrier |
||
| 650 | 4 |
_aGuarantee for Savings - Reports - Banks - Banking Services - Deposit Guarantee - _94262 |
|
| 999 |
_aE2216 _c2214 _d2214 |
||